[Event "BPB Limburg open B"]
[Site "Maastricht"]
[Date "2014.06.06"]
[Round "1"]
[White "Passchyn, Maarten"]
[Black "Arns, Danny"]
[Result "1-0"]
[WhiteElo "1936"]
[BlackElo "1781"]
[PlyCount "96"]
[EventDate "2014.06.06"]
[EventType "swiss"]
[EventRounds "7"]
[EventCountry "NED"]
[Source "P.Boonen"]
[SourceDate "2014.10.10"]

1. e4 e6 2. d4 d5 3. Nc3 Bb4 4. e5 c5 5. Bd2 Bxc3 6. bxc3 Nc6 7. Qg4 Nge7 8.
Nf3 Nf5 9. Bd3 h5 10. Qf4 g6 11. O-O c4 12. Bxf5 gxf5 13. Qg3 Kd7 14. Bg5 Qf8
15. Bf6 Rg8 16. Qh4 Qh6 17. Ng5 Qg6 18. f4 Kc7 19. Rf3 Bd7 20. Rh3 b5 21. a3 a5
22. Rg3 Kb6 23. Nxe6 Qxg3 24. hxg3 Bxe6 25. Bg5 Rh8 26. Kf2 Rag8 27. Qh1 a4 28.
Qe1 Rg6 29. Qe2 Ka6 30. Rh1 Kb6 31. Ke3 Ka6 32. Rxh5 Rxh5 33. Qxh5 Kb6 34. Qh8
Ka6 35. Qf8 Kb7 36. Kf2 Na7 37. Qc5 Rg8 38. Qe7+ Ka6 39. Qd6+ Kb7 40. Bd8 Ka8
41. Bb6 Rb8 42. Bc5 Rb7 43. Qa6 Bd7 44. Bxa7 Rxa7 45. Qf6 Be6 46. g4 fxg4 47.
f5 Bc8 48. Qc6+ Rb7 1-0

[Event "BPB Limburg open B"]
[Site "Maastricht"]
[Date "2014.06.06"]
[Round "1"]
[White "Peeters, Joep"]
[Black "Hermes, Geoff R"]
[Result "1/2-1/2"]
[WhiteElo "1786"]
[BlackElo "1937"]
[PlyCount "38"]
[EventDate "2014.06.06"]
[EventType "swiss"]
[EventRounds "7"]
[EventCountry "NED"]
[Source "P.Boonen"]
[SourceDate "2014.10.10"]

1. e4 d6 2. d4 Nf6 3. Bd3 c6 4. c4 e5 5. d5 Be7 6. h3 Nbd7 7. Be3 O-O 8. Nc3 a6
9. Nge2 cxd5 10. cxd5 b5 11. Rc1 Bb7 12. Ng3 g6 13. O-O Rc8 14. Qd2 Nc5 15. Bb1
b4 16. Nce2 a5 17. f3 Ba6 18. Rfd1 Nfd7 19. Kh2 Qb6 1/2-1/2

[Event "BPB Limburg open B"]
[Site "Maastricht"]
[Date "2014.06.06"]
[Round "1"]
[White "Pijlman, Rene"]
[Black "Glasbeek, Steven"]
[Result "1-0"]
[WhiteElo "1977"]
[BlackElo "1847"]
[PlyCount "79"]
[EventDate "2014.06.06"]
[EventType "swiss"]
[EventRounds "7"]
[EventCountry "NED"]
[Source "P.Boonen"]
[SourceDate "2014.10.10"]

1. e4 c5 2. Nf3 d6 3. d4 cxd4 4. Nxd4 Nf6 5. Nc3 a6 6. Be2 e6 7. O-O Be7 8. f4
Qc7 9. Qe1 b5 10. a3 Bb7 11. Bf3 O-O 12. Qg3 Nbd7 13. Kh1 Rfc8 14. e5 Ne8 15.
f5 Qc4 16. Be3 Bxf3 17. fxe6 Bxg2+ 18. Qxg2 fxe6 19. exd6 Nxd6 20. Rf4 Bf6 21.
Rg1 g6 22. Ndxb5 axb5 23. Rxc4 Nxc4 24. Bc1 Rab8 25. Qg4 Rb6 26. Ne4 Be5 27. c3
Rf8 28. Rd1 Nf6 29. Nxf6+ Bxf6 30. a4 Ne5 31. Qg1 Rb7 32. axb5 Nf3 33. Qg4 Be5
34. Qxe6+ Rbf7 35. Bh6 Bg7 36. Bxg7 Kxg7 37. Rd7 Nh4 38. b6 Rxd7 39. Qxd7+ Rf7
40. Qd4+ 1-0

[Event "BPB Limburg open B"]
[Site "Maastricht"]
[Date "2014.06.06"]
[Round "1"]
[White "Rietveld, Leo"]
[Black "Freer, Robert"]
[Result "0-1"]
[WhiteElo "2001"]
[BlackElo "1863"]
[PlyCount "116"]
[EventDate "2014.06.06"]
[EventType "swiss"]
[EventRounds "7"]
[EventCountry "NED"]
[Source "P.Boonen"]
[SourceDate "2014.10.10"]

1. d4 Nf6 2. Nc3 d5 3. e4 e6 4. Bg5 Be7 5. e5 Nfd7 6. h4 c5 7. Bxe7 Qxe7 8. Nb5
O-O 9. c3 Nc6 10. Nf3 f6 11. exf6 Nxf6 12. Be2 a6 13. Na3 cxd4 14. cxd4 Qb4+
15. Qd2 Qxd2+ 16. Kxd2 Ne4+ 17. Ke3 Ne7 18. Bd3 Nf5+ 19. Ke2 Nfd6 20. Rac1 Bd7
21. Nb1 Bb5 22. Rhd1 Rac8 23. Bxb5 Nxb5 24. Ke3 Nbd6 25. Ke2 h6 26. Nbd2 g6 27.
Nf1 Nc4 28. Rc2 Ncd6 29. Rdc1 Rxc2+ 30. Rxc2 Rf7 31. Ne3 h5 32. Ke1 Kg7 33. Ne5
Re7 34. g3 Nb5 35. Nf3 Rf7 36. Ke2 Rxf3 37. Kxf3 Nxd4+ 38. Kg2 Nxc2 39. Nxc2
Kf6 40. f3 Nc5 41. Kf1 Nd3 42. b4 Ke7 43. a3 Kd6 44. Ke2 Ne5 45. f4 Ng4 46. Nd4
e5 47. fxe5+ Nxe5 48. Nc2 Nc4 49. a4 Ke5 50. a5 Ke4 51. Ne1 Ne5 52. Ng2 d4 53.
Nf4 d3+ 54. Kd1 Kf3 55. Ne6 Ke3 56. Nc5 Ng4 57. Nb3 Nf2+ 58. Ke1 Ne4 0-1

[Event "BPB Limburg open B"]
[Site "Maastricht"]
[Date "2014.06.06"]
[Round "1"]
[White "Roefe, Detlef"]
[Black "Jansen, Ingeborg"]
[Result "0-1"]
[WhiteElo "1958"]
[BlackElo "1842"]
[PlyCount "102"]
[EventDate "2014.06.06"]
[EventType "swiss"]
[EventRounds "7"]
[EventCountry "NED"]
[Source "P.Boonen"]
[SourceDate "2014.10.10"]

1. c4 e5 2. d3 d5 3. Nd2 Nf6 4. e3 g6 5. Qc2 Bg7 6. Ngf3 Qe7 7. Be2 O-O 8. O-O
Bf5 9. Rd1 Nc6 10. a3 e4 11. Nh4 exd3 12. Bxd3 Bxd3 13. Qxd3 Rad8 14. Nhf3 dxc4
15. Qxc4 Rd5 16. Rf1 Rfd8 17. Qb3 b6 18. h3 Na5 19. Qa4 Rh5 20. Rb1 Nd5 21. Ne4
b5 22. Qc2 Nf6 23. Ng3 Rc5 24. Qe2 Nb3 25. e4 Nxc1 26. Rbxc1 Bh6 27. Rxc5 Qxc5
28. Rd1 Rxd1+ 29. Qxd1 Qc1 30. Qxc1 Bxc1 31. Nd4 a6 32. e5 Bxb2 33. Nc6 Nd7 34.
f4 Bxa3 35. Kf1 Kf8 36. Ke2 g5 37. f5 Nxe5 38. Nxe5 Bd6 39. Nxf7 Kxf7 40. Ne4
h6 41. Kd3 Be5 42. Nc5 a5 43. g4 Ke7 44. Ne4 Kd7 45. Kc2 Kc6 46. Kb3 Kd5 47.
Nd2 c5 48. Nb1 c4+ 49. Kc2 b4 50. Nd2 a4 51. Nf3 b3+ 0-1

[Event "BPB Limburg open B"]
[Site "Maastricht"]
[Date "2014.06.06"]
[Round "1"]
[White "Saizew, Valeri"]
[Black "Eben, Jonathan"]
[Result "1-0"]
[WhiteElo "1951"]
[BlackElo "1806"]
[PlyCount "87"]
[EventDate "2014.06.06"]
[EventType "swiss"]
[EventRounds "7"]
[EventCountry "NED"]
[Source "P.Boonen"]
[SourceDate "2014.10.10"]

1. e4 e5 2. Nf3 Nc6 3. Bb5 a6 4. Ba4 d6 5. c3 Nf6 6. O-O Be7 7. Re1 O-O 8. h3
b5 9. Bc2 h6 10. d4 Bd7 11. Nbd2 a5 12. a4 b4 13. cxb4 axb4 14. dxe5 dxe5 15.
Nc4 Be6 16. Nfxe5 Nxe5 17. Qxd8 Nf3+ 18. gxf3 Rfxd8 19. Ne5 b3 20. Bd1 Bb4 21.
Rf1 Bxh3 22. Bxb3 Bxf1 23. Kxf1 Rf8 24. Nc6 Bc5 25. Bc4 g5 26. b4 Ba7 27. Bb2
Nd7 28. a5 Rfe8 29. Rd1 Nf8 30. Ne5 Re7 31. Ng4 Kh7 32. Nf6+ Kg6 33. Nd5 Rd7
34. Bb5 Rdd8 35. Bc6 Rab8 36. Be5 Rxd5 37. exd5 Rxb4 38. Bxc7 Rb2 39. d6 Rxf2+
40. Ke1 Rh2 41. d7 Rh1+ 42. Ke2 Rxd1 43. Kxd1 Ne6 44. Bd5 1-0

[Event "BPB Limburg open B"]
[Site "Maastricht"]
[Date "2014.06.06"]
[Round "1"]
[White "Schleipfenbauer, Bent"]
[Black "Broekhuizen, Pieter"]
[Result "1-0"]
[WhiteElo "1953"]
[BlackElo "1837"]
[PlyCount "107"]
[EventDate "2014.06.06"]
[EventType "swiss"]
[EventRounds "7"]
[EventCountry "NED"]
[Source "P.Boonen"]
[SourceDate "2014.10.10"]

1. c4 d6 2. Nc3 Nf6 3. g3 c6 4. Bg2 Bf5 5. d4 e6 6. Nf3 Be7 7. O-O O-O 8. b3
Nbd7 9. h3 d5 10. Nh4 Bg6 11. Nxg6 hxg6 12. Qc2 Rc8 13. e4 c5 14. exd5 exd5 15.
Nxd5 Nxd5 16. Bxd5 Nf6 17. Bxb7 Rc7 18. Bg2 cxd4 19. Bf4 Bd6 20. Bxd6 Qxd6 21.
Rad1 Rd8 22. Rd3 Qe5 23. Rfd1 Rcd7 24. b4 Qf5 25. Qb2 Ne4 26. Rxd4 Rxd4 27.
Rxd4 Re8 28. Rxe4 Rxe4 29. Bxe4 Qxe4 30. c5 f5 31. Qb3+ Kf8 32. b5 f4 33. c6
fxg3 34. Qxg3 Qb1+ 35. Kg2 Qxb5 36. Qd6+ Kg8 37. c7 Qg5+ 38. Kh2 Qf5 39. Kg2
Qg5+ 40. Kf3 Qf5+ 41. Ke2 Qc2+ 42. Ke3 Qc3+ 43. Kf4 Qc1+ 44. Kf3 Qh1+ 45. Ke2
Qe4+ 46. Kd2 Qf5 47. Qd8+ Kh7 48. Qh4+ Kg8 49. Qc4+ Kh7 50. c8=Q Qxf2+ 51. Kc3
Qe3+ 52. Kb4 Qb6+ 53. Ka3 Qe3+ 54. Ka4 1-0

[Event "BPB Limburg open B"]
[Site "Maastricht"]
[Date "2014.06.06"]
[Round "1"]
[White "Schloemer, Armin"]
[Black "Fortenbacher, Florian"]
[Result "0-1"]
[WhiteElo "1880"]
[BlackElo "1584"]
[PlyCount "96"]
[EventDate "2014.06.06"]
[EventType "swiss"]
[EventRounds "7"]
[EventCountry "NED"]
[Source "P.Boonen"]
[SourceDate "2014.10.10"]

1. c4 Nf6 2. Nf3 c6 3. g3 d5 4. Bg2 dxc4 5. O-O Nbd7 6. Na3 Nb6 7. Qc2 g6 8.
Nxc4 Nxc4 9. Qxc4 Be6 10. Qc2 Bg7 11. d3 O-O 12. Rd1 Qc7 13. Bf4 Qb6 14. Be3
Qc7 15. Bd4 Rfd8 16. Bc3 Rac8 17. Nd4 Bg4 18. h3 Bd7 19. Nf3 Be6 20. Ng5 Qd6
21. e4 Ne8 22. d4 Nc7 23. a4 h6 24. Nxe6 Nxe6 25. d5 cxd5 26. Rxd5 Qb6 27. Rb5
Qc7 28. Rc1 Nd4 29. Bxd4 Qxc2 30. Rxc2 Rxc2 31. Bxa7 Rxb2 32. e5 Rd1+ 33. Kh2
Rxb5 34. axb5 Rb1 35. b6 Bxe5 36. Bxb7 Bd4 37. Be4 Rb2 38. Kg1 Bxb6 39. Bxb6
Rxb6 40. h4 Kg7 41. Kg2 Kf6 42. Bf3 Ke5 43. h5 g5 44. Be2 Rb2 45. Bc4 f5 46.
Bd3 Rd2 47. Bb1 e6 48. Kf3 Kd4 0-1

[Event "BPB Limburg open B"]
[Site "Maastricht"]
[Date "2014.06.06"]
[Round "1"]
[White "Schubert, Karl"]
[Black "Lex, Gereon"]
[Result "1-0"]
[WhiteElo "1925"]
[BlackElo "1764"]
[PlyCount "115"]
[EventDate "2014.06.06"]
[EventType "swiss"]
[EventRounds "7"]
[EventCountry "NED"]
[Source "P.Boonen"]
[SourceDate "2014.10.10"]

1. d4 Nf6 2. Nf3 d5 3. g3 e6 4. Bg2 Bd6 5. O-O Nbd7 6. b3 Ne4 7. Bb2 h5 8. Nbd2
h4 9. c4 hxg3 10. fxg3 f5 11. Nxe4 dxe4 12. Ne1 Rxh2 13. Kxh2 Qh4+ 14. Kg1 Bxg3
15. Nf3 Qh6 16. Bc1 f4 17. e3 g5 18. exf4 gxf4 19. Bd2 b6 20. Be1 Bb7 21. Bxg3
fxg3 22. Qd2 Qh5 23. Qg5 Qh8 24. Qh4 Qg7 25. Qh5+ Ke7 26. Qg5+ Qxg5 27. Nxg5
Nf6 28. Rxf6 Kxf6 29. Nxe4+ Bxe4 30. Bxe4 Rg8 31. Kg2 Rg4 32. Re1 Kg5 33. d5 e5
34. Bf3 Rd4 35. Kxg3 Kf5 36. Re2 e4 37. Bg2 a5 38. Re3 a4 39. Bf1 Rd1 40. Be2
Rd2 41. Bg4+ Ke5 42. Bf3 Rd4 43. Kg4 axb3 44. axb3 b5 45. Be2 Rd2 46. Kg5 bxc4
47. bxc4 Rc2 48. Kg4 Rd2 49. Kg3 Rd4 50. Rc3 Rd2 51. Kf2 Kf4 52. Rh3 Ra2 53.
Rh4+ Ke5 54. Rh7 Ra7 55. Re7+ Kd4 56. d6 Ra8 57. d7 Rd8 58. Bg4 1-0

[Event "BPB Limburg open B"]
[Site "Maastricht"]
[Date "2014.06.06"]
[Round "1"]
[White "Slijper, Thomas"]
[Black "Limbach, Torsten"]
[Result "1-0"]
[WhiteElo "1861"]
[BlackElo "1985"]
[PlyCount "79"]
[EventDate "2014.06.06"]
[EventType "swiss"]
[EventRounds "7"]
[EventCountry "NED"]
[Source "P.Boonen"]
[SourceDate "2014.10.10"]

1. c4 e5 2. g3 Nf6 3. Nc3 d5 4. cxd5 Nxd5 5. Bg2 Nb6 6. Nf3 Nc6 7. O-O Be7 8.
a3 a5 9. d3 O-O 10. Be3 Nd5 11. Nxd5 Qxd5 12. Rc1 Qb5 13. Qc2 f6 14. d4 exd4
15. Nxd4 Nxd4 16. Bxd4 c6 17. Be4 Qh5 18. Rfd1 Be6 19. Bb6 Ra6 20. Bc7 a4 21.
Rd4 Bb3 22. Qd3 f5 23. Bf3 Qh6 24. Bf4 Bg5 25. Rd6 g6 26. Bxg5 Qxg5 27. Rc3
Raa8 28. Rxb3 axb3 29. Qxb3+ Rf7 30. Rd7 Raf8 31. Kg2 Kg7 32. Rxb7 Qf6 33. a4
Rc8 34. a5 Rcc7 35. a6 Rfd7 36. Qb6 Qd8 37. Bxc6 Rxb7 38. Qxd8 Rxd8 39. Bxb7
Kf6 40. a7 1-0

[Event "BPB Limburg open B"]
[Site "Maastricht"]
[Date "2014.06.06"]
[Round "1"]
[White "Staudte, Rainer"]
[Black "Marechal, Georges"]
[Result "1-0"]
[WhiteElo "1915"]
[BlackElo "1755"]
[PlyCount "63"]
[EventDate "2014.06.06"]
[EventType "swiss"]
[EventRounds "7"]
[EventCountry "NED"]
[Source "P.Boonen"]
[SourceDate "2014.10.10"]

1. d4 d5 2. c4 c6 3. Nf3 Nf6 4. Nc3 dxc4 5. a4 Bf5 6. Ne5 e6 7. e3 Bb4 8. Nxc4
O-O 9. Bd2 Nbd7 10. Be2 Qe7 11. O-O e5 12. Re1 exd4 13. exd4 Rfd8 14. Bf3 Qf8
15. Qe2 Re8 16. Qf1 Bxc3 17. Bxc3 Bg4 18. Bxg4 Nxg4 19. h3 Ngf6 20. Ne5 Qd6 21.
Qc4 Qd5 22. Qxd5 cxd5 23. Rac1 Rac8 24. f3 Nb8 25. Kf2 g6 26. Bd2 Kg7 27. g4
Rxc1 28. Rxc1 Na6 29. b4 Ng8 30. b5 Nb8 31. Bb4 f6 32. Rc7+ 1-0

[Event "BPB Limburg open B"]
[Site "Maastricht"]
[Date "2014.06.06"]
[Round "1"]
[White "Sterckx, Pieter"]
[Black "Holwijn, Melvin"]
[Result "1-0"]
[WhiteElo "1853"]
[BlackElo "1983"]
[PlyCount "104"]
[EventDate "2014.06.06"]
[EventType "swiss"]
[EventRounds "7"]
[EventCountry "NED"]
[Source "P.Boonen"]
[SourceDate "2014.10.10"]

1. e4 e5 2. f4 d5 3. exd5 exf4 4. Nf3 Nf6 5. Nc3 Bd6 6. Bb5+ Bd7 7. Qe2+ Qe7 8.
Qxe7+ Kxe7 9. O-O Bxb5 10. Nxb5 Nxd5 11. c4 Nb4 12. d4 a6 13. Nxd6 cxd6 14.
Bxf4 Nd3 15. Bg3 Nxb2 16. c5 dxc5 17. dxc5 f6 18. Rab1 Nd3 19. Rxb7+ Nd7 20. c6
N3c5 21. Rc7 Rhc8 22. Re1+ Kd8 23. cxd7 Rxc7 24. Re8+ Kxd7 25. Rxa8 Rb7 26. Rb8
Rxb8 27. Bxb8 Na4 28. Ba7 Nc3 29. a3 Kc6 30. Nd4+ Kd5 31. Kf2 Nb1 32. a4 a5 33.
Nb3 Nc3 34. Bd4 Nxa4 35. Ke3 f5 36. Bxg7 Nb6 37. Nxa5 Ke6 38. Nc6 Nd5+ 39. Kf3
Kf7 40. Bd4 Kg6 41. Ne5+ Kh5 42. Nd3 Kg5 43. g3 Ne7 44. h4+ Kg6 45. Kf4 Kh5 46.
Bf6 Nd5+ 47. Kxf5 Nxf6 48. Kxf6 Kg4 49. Kg7 Kxg3 50. h5 Kg4 51. h6 Kg5 52. Kxh7
Kf6 1-0

[Event "BPB Limburg open B"]
[Site "Maastricht"]
[Date "2014.06.06"]
[Round "1"]
[White "Tamminga, Meile"]
[Black "Vanhuyse, Nele"]
[Result "0-1"]
[WhiteElo "1800"]
[BlackElo "1940"]
[PlyCount "74"]
[EventDate "2014.06.06"]
[EventType "swiss"]
[EventRounds "7"]
[EventCountry "NED"]
[Source "P.Boonen"]
[SourceDate "2014.10.10"]

1. e4 c5 2. c3 Nf6 3. e5 Nd5 4. g3 e6 5. Bg2 Nc6 6. Nf3 d6 7. exd6 Bxd6 8. O-O
O-O 9. d4 cxd4 10. cxd4 b6 11. Qa4 Na5 12. Nc3 Nxc3 13. bxc3 Ba6 14. Re1 Rc8
15. Bd2 Bb7 16. Rac1 h6 17. c4 Bc6 18. Qd1 Ba3 19. Bxa5 Bxc1 20. Bb4 Bb2 21.
Bxf8 Qxf8 22. d5 exd5 23. cxd5 Ba8 24. Qb3 Bf6 25. h3 Qd6 26. Nd2 Bd4 27. Qa4
Bc5 28. Qg4 Rd8 29. Nc4 Qf6 30. Ne3 Bxd5 31. Bxd5 Rxd5 32. Qc8+ Rd8 33. Qb7 a5
34. Kg2 Rd2 35. Qc8+ Kh7 36. Qf5+ Qxf5 37. Nxf5 Rxf2+ 0-1

[Event "BPB Limburg open B"]
[Site "Maastricht"]
[Date "2014.06.06"]
[Round "1"]
[White "Tutenel, Erik"]
[Black "Cebula, Jerzy"]
[Result "1/2-1/2"]
[WhiteElo "1863"]
[BlackElo "1998"]
[PlyCount "31"]
[EventDate "2014.06.06"]
[EventType "swiss"]
[EventRounds "7"]
[EventCountry "NED"]
[Source "P.Boonen"]
[SourceDate "2014.10.10"]

1. e4 e5 2. Nc3 Nf6 3. f4 d5 4. fxe5 Nxe4 5. d3 Nxc3 6. bxc3 d4 7. Nf3 c5 8.
Be2 Nc6 9. O-O Be7 10. Qe1 O-O 11. Qg3 f6 12. Bh6 Rf7 13. exf6 Bxf6 14. Ng5 Rf8
15. Ne4 Be5 16. Bf4 1/2-1/2

[Event "BPB Limburg open B"]
[Site "Maastricht"]
[Date "2014.06.06"]
[Round "1"]
[White "Uckerman, John"]
[Black "Wlogalski, Olivier"]
[Result "0-1"]
[WhiteElo "1708"]
[BlackElo "1896"]
[PlyCount "114"]
[EventDate "2014.06.06"]
[EventType "swiss"]
[EventRounds "7"]
[EventCountry "NED"]
[Source "P.Boonen"]
[SourceDate "2014.10.10"]

1. e4 d5 2. exd5 Qxd5 3. Nc3 Qa5 4. d4 Nf6 5. Nf3 Bf5 6. Bc4 e6 7. Ne5 c6 8. h3
Nbd7 9. Nxd7 Nxd7 10. Bd2 Qc7 11. g4 Bg6 12. h4 h5 13. g5 O-O-O 14. Qf3 Nb6 15.
Bd3 Bxd3 16. Qxd3 g6 17. Ne4 Bg7 18. c3 e5 19. O-O-O exd4 20. c4 Rhe8 21. Rhe1
Nd7 22. Qa3 Kb8 23. Nd6 Rxe1 24. Rxe1 Bf8 25. Bf4 Nb6 26. Qg3 Bxd6 27. Bxd6
Rxd6 28. c5 Re6 29. Rxe6 fxe6 30. cxb6 Qxg3 31. bxa7+ Kxa7 32. fxg3 Kb6 33. Kd2
Kc5 34. g4 hxg4 35. h5 g3 36. hxg6 g2 37. g7 g1=Q 38. g8=Q Qe3+ 39. Kd1 d3 40.
Qf8+ Kd5 41. Qf1 Qe2+ 42. Qxe2 dxe2+ 43. Kxe2 Ke5 44. g6 Kf6 45. Ke3 Kxg6 46.
Ke4 Kf6 47. a4 e5 48. a5 Ke6 49. b3 c5 50. Kd3 Kd5 51. Kc3 e4 52. Kd2 Kd4 53.
Ke2 e3 54. Kd1 Kd3 55. Ke1 e2 56. a6 bxa6 57. b4 cxb4 0-1

[Event "BPB Limburg open B"]
[Site "Maastricht"]
[Date "2014.06.06"]
[Round "1"]
[White "Van Ginneken, Jeroen"]
[Black "Loose, Rob"]
[Result "0-1"]
[WhiteElo "1753"]
[BlackElo "1909"]
[PlyCount "32"]
[EventDate "2014.06.06"]
[EventType "swiss"]
[EventRounds "7"]
[EventCountry "NED"]
[Source "P.Boonen"]
[SourceDate "2014.10.10"]

1. e4 e5 2. Nf3 Nc6 3. d4 exd4 4. Bc4 Nf6 5. e5 d5 6. exf6 dxc4 7. Qe2+ Be6 8.
Nbd2 Qxf6 9. Nxc4 Bb4+ 10. Bd2 Bxd2+ 11. Ncxd2 O-O 12. Ne4 Qg6 13. O-O-O Rfe8
14. Nc5 Bd5 15. Qd3 Bxf3 16. Qxf3 Qg5+ 0-1

[Event "BPB Limburg open B"]
[Site "Maastricht"]
[Date "2014.06.06"]
[Round "1"]
[White "Van Hoorn, Frank"]
[Black "Kuryliw, Ray"]
[Result "1-0"]
[WhiteElo "1665"]
[BlackElo "1884"]
[PlyCount "53"]
[EventDate "2014.06.06"]
[EventType "swiss"]
[EventRounds "7"]
[EventCountry "NED"]
[Source "P.Boonen"]
[SourceDate "2014.10.10"]

1. e4 e5 2. f4 exf4 3. Nf3 d6 4. d4 g5 5. Bc4 Bg7 6. O-O Nc6 7. c3 Bg4 8. Qb3
h6 9. Bxf7+ Kf8 10. Nh4 Nge7 11. Bxf4 Bxd4+ 12. cxd4 Nxd4 13. Qe3 Ne2+ 14. Kh1
gxf4 15. Rxf4 Nxf4 16. Qxf4 Kg7 17. Nc3 Qd7 18. Rf1 Rhf8 19. Qf6+ Kh7 20. Ng6
Bh5 21. Nxe7 Qg4 22. Nf5 Rxf7 23. Qxh6+ Kg8 24. Nd5 Rxf5 25. exf5 Qe2 26. Nf6+
Kf7 27. Qxh5+ 1-0

[Event "BPB Limburg open B"]
[Site "Maastricht"]
[Date "2014.06.06"]
[Round "1"]
[White "Van Wiele, Kurt"]
[Black "Holscher, Peter"]
[Result "0-1"]
[WhiteElo "1880"]
[BlackElo "2049"]
[PlyCount "90"]
[EventDate "2014.06.06"]
[EventType "swiss"]
[EventRounds "7"]
[EventCountry "NED"]
[Source "P.Boonen"]
[SourceDate "2014.10.10"]

1. e4 d6 2. d4 Nf6 3. Nc3 c6 4. h3 Nbd7 5. Nf3 e5 6. Be3 Qc7 7. g4 h6 8. g5
hxg5 9. Nxg5 b5 10. a3 a6 11. d5 Bb7 12. Bg2 Be7 13. Qd2 Nb6 14. b3 Rc8 15. Rc1
cxd5 16. Nxd5 Nbxd5 17. exd5 Rh4 18. c3 Qa5 19. O-O Qxa3 20. f4 exf4 21. Bxf4
Bxd5 22. Bxd5 Qc5+ 23. Kh2 Qxd5 24. Qxd5 Nxd5 25. Bg3 Bxg5 26. Rce1+ Kf8 27.
Bxh4 Bxh4 28. Re4 Bf6 29. c4 bxc4 30. bxc4 Nb6 31. Rb1 Nxc4 32. Rb7 d5 33. Re2
d4 34. Rd7 Ne5 35. Rd5 Nf3+ 36. Kg3 Ng5 37. h4 Ne6 38. h5 Rc3+ 39. Kg4 d3 40.
Rd2 Nc5 41. Kf5 Be7 42. Rb2 Nb3 43. Ke4 d2 44. Kf5 a5 45. Rxa5 d1=Q 0-1

[Event "BPB Limburg open B"]
[Site "Maastricht"]
[Date "2014.06.06"]
[Round "1"]
[White "Van Zwet, Matthias"]
[Black "Koelmans, Jan Willem"]
[Result "1/2-1/2"]
[WhiteElo "1806"]
[BlackElo "1948"]
[PlyCount "49"]
[EventDate "2014.06.06"]
[EventType "swiss"]
[EventRounds "7"]
[EventCountry "NED"]
[Source "P.Boonen"]
[SourceDate "2014.10.10"]

1. d4 d5 2. c4 c6 3. cxd5 cxd5 4. Nc3 Nf6 5. Nf3 Nc6 6. Bf4 Bf5 7. e3 e6 8. Qb3
Bb4 9. Bb5 O-O 10. O-O Bxc3 11. Qxc3 Rc8 12. Qa3 a6 13. Be2 Ne4 14. Rfd1 g5 15.
Bg3 Qa5 16. Qxa5 Nxa5 17. Ne1 Nc4 18. Bxc4 Rxc4 19. f3 Nxg3 20. hxg3 Rfc8 21.
g4 Bg6 22. Rd2 f6 23. Kf2 Kf7 24. Rad1 Ke7 25. Nd3 1/2-1/2

[Event "BPB Limburg open B"]
[Site "Maastricht"]
[Date "2014.06.06"]
[Round "1"]
[White "Van de Griend, Johan"]
[Black "Luig, Benjamin"]
[Result "0-1"]
[WhiteElo "1963"]
[BlackElo "1844"]
[PlyCount "100"]
[EventDate "2014.06.06"]
[EventType "swiss"]
[EventRounds "7"]
[EventCountry "NED"]
[Source "P.Boonen"]
[SourceDate "2014.10.10"]

1. e4 c6 2. Nc3 d5 3. Nf3 Bg4 4. h3 Bxf3 5. Qxf3 e6 6. exd5 cxd5 7. d4 Nc6 8.
Bb5 Nf6 9. O-O a6 10. Bxc6+ bxc6 11. Bg5 Be7 12. Rad1 O-O 13. Rfe1 c5 14. dxc5
Qa5 15. a3 Qxc5 16. Be3 Qa5 17. Bd4 Rfe8 18. Qg3 g6 19. Qe5 Qd8 20. g4 Qb8 21.
Qe3 Nd7 22. f4 Bf6 23. Bxf6 Nxf6 24. b3 Qd6 25. Qd4 Nd7 26. Kg2 Qxa3 27. f5 Qc5
28. fxe6 fxe6 29. Qxc5 Nxc5 30. b4 Nb7 31. b5 axb5 32. Nxb5 Rac8 33. Nd4 e5 34.
Nf3 Rxc2+ 35. Kg3 Rc3 36. Kg2 e4 37. Nd4 Nc5 38. Nb5 Rc2+ 39. Kg3 Rd8 40. Nd4
Rc3+ 41. Kh4 Rd3 42. Nc6 Rxd1 43. Rxd1 Rd6 44. Ne7+ Kf7 45. Nxd5 Ne6 46. Rf1+
Kg7 47. Ne3 Rd3 48. Re1 Nd4 49. Kg3 Nc2 50. Re2 Rxe3+ 0-1

[Event "BPB Limburg open B"]
[Site "Maastricht"]
[Date "2014.06.06"]
[Round "1"]
[White "Van de Pavoordt, Max"]
[Black "Kempen, Leon"]
[Result "1/2-1/2"]
[WhiteElo "1839"]
[BlackElo "1957"]
[PlyCount "80"]
[EventDate "2014.06.06"]
[EventType "swiss"]
[EventRounds "7"]
[EventCountry "NED"]
[Source "P.Boonen"]
[SourceDate "2014.10.10"]

1. e4 e6 2. d4 d5 3. Nc3 Nf6 4. Bg5 Be7 5. e5 Nfd7 6. h4 h6 7. Bxe7 Qxe7 8. f4
Nb6 9. a3 Bd7 10. Nf3 a6 11. Ne2 Nc6 12. g4 O-O-O 13. Ng3 f6 14. Bd3 g5 15.
fxg5 hxg5 16. h5 fxe5 17. Nxe5 Nxe5 18. dxe5 Bc6 19. Qe2 Rdf8 20. O-O-O Rf4 21.
Rdf1 Qg7 22. Re1 Nd7 23. Bxa6 d4 24. Rhf1 Rhf8 25. Bc4 Bf3 26. Rxf3 Rxf3 27.
Nf5 Qxe5 28. Qxe5 Nxe5 29. Ne7+ Kd8 30. Rxe5 Kxe7 31. Rxe6+ Kd7 32. Rg6 Rh3 33.
Be6+ Kd8 34. Bf5 Re8 35. b3 Re1+ 36. Kd2 Ree3 37. Rxg5 Rh2+ 38. Kd1 Rh1+ 39.
Kd2 Rh2+ 40. Kd1 Rh1+ 1/2-1/2

[Event "BPB Limburg open B"]
[Site "Maastricht"]
[Date "2014.06.06"]
[Round "1"]
[White "Veelenturf, Wim"]
[Black "Singh, Marcel"]
[Result "0-1"]
[WhiteElo "1741"]
[BlackElo "1903"]
[PlyCount "38"]
[EventDate "2014.06.06"]
[EventType "swiss"]
[EventRounds "7"]
[EventCountry "NED"]
[Source "P.Boonen"]
[SourceDate "2014.10.10"]

1. e4 Nf6 2. Nc3 d5 3. exd5 Nxd5 4. d3 Nxc3 5. bxc3 g6 6. Nf3 Bg7 7. Bd2 O-O 8.
Be2 c5 9. O-O Nc6 10. Qc1 Re8 11. Rb1 Qc7 12. h3 b6 13. c4 Bb7 14. Bf4 e5 15.
Bh2 Rad8 16. c3 Qe7 17. Qc2 e4 18. dxe4 Qxe4 19. Bd3 Qxd3 0-1

[Event "BPB Limburg open B"]
[Site "Maastricht"]
[Date "2014.06.06"]
[Round "1"]
[White "Verheij, Albert"]
[Black "Negues, Feyyaz"]
[Result "0-1"]
[WhiteElo "1850"]
[BlackElo "1983"]
[PlyCount "36"]
[EventDate "2014.06.06"]
[EventType "swiss"]
[EventRounds "7"]
[EventCountry "NED"]
[Source "P.Boonen"]
[SourceDate "2014.10.10"]

1. b4 Nf6 2. Bb2 d5 3. e3 e6 4. b5 c5 5. c4 Nbd7 6. Nf3 Bd6 7. Nc3 O-O 8. d3 b6
9. Be2 dxc4 10. dxc4 Qc7 11. Qc2 Bb7 12. Bd3 h6 13. Ne4 Be7 14. Nfd2 Rad8 15.
Nxf6+ Bxf6 16. Bxf6 Nxf6 17. Ne4 Bxe4 18. Bxe4 Qe5 0-1

[Event "BPB Limburg open B"]
[Site "Maastricht"]
[Date "2014.06.06"]
[Round "1"]
[White "Visser, Sebastiaan"]
[Black "Moes, Waldemar"]
[Result "0-1"]
[WhiteElo "1874"]
[BlackElo "2038"]
[PlyCount "50"]
[EventDate "2014.06.06"]
[EventType "swiss"]
[EventRounds "7"]
[EventCountry "NED"]
[Source "P.Boonen"]
[SourceDate "2014.10.10"]

1. d4 d5 2. Nf3 e6 3. c4 c5 4. e3 Nf6 5. Nc3 Nc6 6. Bd3 a6 7. a3 cxd4 8. exd4
dxc4 9. Bxc4 Be7 10. d5 exd5 11. Nxd5 O-O 12. O-O Bg4 13. Bf4 Nxd5 14. Bxd5 Qb6
15. b4 Bf6 16. Rc1 Bb2 17. Rb1 Bf6 18. Qb3 Rad8 19. Rbc1 Nd4 20. Nxd4 Qxd4 21.
Bxb7 Qxf4 22. Bxa6 Rd2 23. g3 Qd6 24. Bb7 Rd8 25. Qc4 Be2 0-1